Datum a čas kvízu
36.5
Celkem bodů
Celkový počet nahraných bodů na tomto kvízu bez doplňovacích otázek.
2.
Pořadí na kvízu
Konečné umístění týmu na tomto kvízu.
Zaznamenané odpovědi
| # | Otázka | Odpověď | Body | Výsledky |
|---|---|---|---|---|
| 1. | V úterý bylo ve Vladislavském... | David Kratochvíl; plavání | 1 | |
| 2. | V oblasti okolo černobylské ja... | o modrou barvu | 1 | |
| 3. | Nebyl by to ten správný Hallow... | Medusu/Gorgonu | 0 | |
| 4. | Známý dánský pivovar představi... | Carlsberg | 1 | |
| 5. | Který český hokejista podepsal... | Martin Nečas | 0 | |
| 6. | Ačkoliv je čas večeře, věnujem... | fazole; rajčata | 1 | |
| 7. | Od slané ke sladké snídani. V... | javorový sirup | 1 | |
| 8. | „Snídaně v trávě“ není název: | D | 1 | |
| 9. | V Krkonoších, v místě zvaném K... | Mumlava | 0 | |
| 10. | Mnozí z nás si snídani bez káv... | cascara | 0 |